| 000 | 00414nab a2200145Ia 4500 | ||
|---|---|---|---|
| 003 | ES-SlBCS | ||
| 005 | 20210601131739.0 | ||
| 008 | 140529s1953 xxu||||| |||| 00| 0 fre d | ||
| 041 | _afre | ||
| 100 | 1 |
_aDesfaudés, Georges _9188343 |
|
| 245 | 0 | 0 |
_aÉconomie d'aujourd'hui _c Georges Desfaudés |
| 650 | 0 | 4 |
_aEconomía _918303 |
| 773 | 0 |
_tVie Intelectuelle (La) _gnº. 8-9, 1953, págs. 26-38 _wRev907 |
|
| 942 | _cAR | ||
| 999 |
_c568110 _d568110 |
||